000
00324nam a22001337a 4500
008
170726b xxu||||| |||| 00| 0 eng d
020
_a
3211832580
041
_a
eng
080
_a
004
100
_a
30
101
_a
SHK
245
_a
INFORMATION AND COMMUNICATION TECHNOLOGIES IN TOURISM 1999
_c
BUHALIS,D
942
_2
udc
_c
BK
999
_c
21959
_d
21959